অনাগত শিশুর জন্য শীকগাথা / (Record no. 39578)
[ view plain ]
| 000 -LEADER | |
|---|---|
| fixed length control field | 00954nam a2200241 a 4500 |
| 001 - CONTROL NUMBER | |
| control field | 39578 |
| 003 - CONTROL NUMBER IDENTIFIER | |
| rucl marc code | BD-RjUL |
| 005 - DATE AND TIME OF LATEST TRANSACTION | |
| control field | 20211209053023.0 |
| 008 - FIXED-LENGTH DATA ELEMENTS--GENERAL INFORMATION | |
| fixed length control field | 160412s2005 bg ||||| |||| 00| 0 ben d |
| 020 ## - INTERNATIONAL STANDARD BOOK NUMBER | |
| International Standard Book Number | 9848471146 |
| Terms of availability | : TK 80.00 |
| 035 ## - SYSTEM CONTROL NUMBER | |
| System control number | (BD-RjUL)39691 |
| 040 ## - CATALOGING SOURCE | |
| Original cataloging agency | BD-RjUL |
| Language of cataloging | ben |
| Transcribing agency | BD-RjUL |
| 041 ## - LANGUAGE CODE | |
| Language code of text/sound track or separate title | ben |
| 082 ## - DEWEY DECIMAL CLASSIFICATION NUMBER | |
| Edition number | 23 |
| Classification number | 894.5113 |
| Author mark and year | KEA 2005 |
| 100 ## - MAIN ENTRY--PERSONAL NAME | |
| Personal name | কারতেশজ, ইমরে |
| 9 (RLIN) | 121910 |
| 245 10 - TITLE STATEMENT | |
| Title | অনাগত শিশুর জন্য শীকগাথা / |
| Statement of responsibility, etc. | ইমরে কারতেশজ; দ্বিজেন্দ্রনাথ বর্মন অনুবাদক |
| 260 ## - PUBLICATION, DISTRIBUTION, ETC. (IMPRINT) | |
| Place of publication, distribution, etc. | ঢাকা : |
| Name of publisher, distributor, etc. | সন্দেশ, |
| Date of publication, distribution, etc. | ২০০৫ |
| 300 ## - PHYSICAL DESCRIPTION | |
| Pagination | ৯৬ পৃ. ; |
| Size | ২২ সেমি |
| 650 ## - SUBJECT ADDED ENTRY--TOPICAL TERM | |
| Topical term or geographic name as entry element | হাঙ্গেরী উপন্যাস |
| 9 (RLIN) | 121911 |
| Topical term or geographic name as entry element | Hungery Fiction |
| 9 (RLIN) | 121912 |
| 700 ## - ADDED ENTRY--PERSONAL NAME | |
| Personal name | বর্মন, দ্বিজেন্দ্রনাথ |
| 942 ## - ADDED ENTRY ELEMENTS (KOHA) | |
| Source of classification or shelving scheme | Dewey Decimal Classification |
| Koha item type | Books |
| Lost status | Source of classification or shelving scheme | Damaged status | Not for loan | Collection code | Permanent Location | Current Location | Shelving location | Date acquired | Source of acquisition | Cost, normal purchase price | Total Checkouts | Full call number | Date last seen | Copy number | Koha item type |
|---|---|---|---|---|---|---|---|---|---|---|---|---|---|---|---|
| Dewey Decimal Classification | Not For Loan | Non-fiction | Central Library, University of Rajshahi | Central Library, University of Rajshahi | Reading Room | 24/06/2013 | Dhaka, Sondesh | 80.00 | B 894.5113 KEA 2005 | 12/04/2016 | C-1 | Books | |||
| Dewey Decimal Classification | Non-fiction | Central Library, University of Rajshahi | Central Library, University of Rajshahi | 24/06/2013 | Dhaka, Sondesh | 80.00 | B 894.5113 KEA 2005 | 12/04/2016 | C-2 | Books | |||||
| Dewey Decimal Classification | Non-fiction | Central Library, University of Rajshahi | Central Library, University of Rajshahi | 24/06/2013 | Dhaka, Sondesh | 80.00 | B 894.5113 KEA 2005 | 12/04/2016 | C-3 | Books |